00943cam a2200217 a 450000100100000000500170001000800410002704000250006805000220009310000400011524501020015525000110025726000510026830000280031965100760034770000320042370000370045595201050049295201110059799900170070800001305920200929163129.0810226s1966 nyu 001 0 eng  aDO-SdBNPbengcBNPHU00aJK274b.C278 19651 aCarr, Robert Kenneth,d1908-93018210aAmerican democracy in theory and practice /cessentials of national, state, and local government. a3a ed. aNew York :bHolt, Rinehart and Winston,c1966. a658 p. :bil. ;c24 cm. 0aUnited StatesxPolitics And GovernmentvHandbooks, manuals, etc.9301831 aBernstein, Marver H.9301841 aMurphy, Walter F.,d1929-930185 001050718MOaGRbGRcHDd2009-11-19iLF1l0o p13059-10r2020-06-25w2020-06-25y1ZNo se presta 001150718MOaGRbGRcMId2017-04-19iLF1l0o p13059-20r2020-06-25te. 2w2020-06-25y1ZNo se presta c12701d12701